| 000 | 00588nam a2200193Ia 4500 | ||
|---|---|---|---|
| 003 | GCL | ||
| 008 | 140319s9999 xx 000 0 ara d | ||
| 040 |
_aGCL / _cGCL |
||
| 082 | 0 | 4 |
_a924.1 _bف ا |
| 100 | 1 | _aفهيم حافظ الدناصورى | |
| 245 | 1 | 0 |
_aاحمد امين واثرة فى اللغة والنقد الادبى / _cفهيم حافظ الدناصورى |
| 300 | _a542 ص | ||
| 490 | _a | ||
| 650 | 0 | 4 | _aالادب العربى |
| 650 | 0 | 4 | _aاللغويون |
| 650 | 0 | 4 | _aاحمد امين |
| 650 | 0 | 4 | _aاللغة العربية - تراجم |
| 942 |
_2ddc _cBK |
||
| 999 |
_c45529 _d45529 |
||